| 000 | 00424nam a2200133Ia 4500 | ||
|---|---|---|---|
| 005 | 20210429153911.0 | ||
| 008 | 210429s9999 xx 000 0 und d | ||
| 082 | _a660 F2191O | ||
| 100 |
_aBilal Farooq, Maria Bibi, Shahroz Zamir Ansari. _955043 |
||
| 245 | _aOptimization of Urea Process Vent and Remediation of Existing Complications with CD (UG-CHE-2016) | ||
| 260 |
_aSCME. _c2016 |
||
| 300 | _a77p. | ||
| 942 |
_2ddc _cTH |
||
| 999 |
_c561085 _d561085 |
||